Americká hrudní společnost: Diagnostika a léčba mykobakterióz (souhrn)

Bibliographic Details
Main Author: Homolka, Jiří, 1950- (Author)
Format: Article
Language:Slovak
Czech
ISSN:0371-2222
Subjects:

MARC

LEADER 00000nab a2200000 a 4500
001 vtls000775323
003 SK-MaSNL
005 20260304110444.0
008 250429c2001 xo 0 slo
015 |a SNBRB2001/11-33405 
035 |a CLN000127110 
035 |a urn:nbn:sk:snk-ab35b8 
035 |a (urnnbn)urn:nbn:sk:snk:ar-a06883 
035 |a (uuid)c725f1cb-96c2-4af4-a9ae-1ac793f8ddff 
040 |a SNKBUCL  |b slo  |c SNKBUCL  |e AACR2 
041 0 |a cze 
044 |a xo  |c SK 
080 |a 616.24:616.982.2  |2 1997 
080 |a 616.982.2:616.24  |2 1997 
100 1 |a Homolka, Jiří,  |d 1950-  |4 aut  |9 99086 
245 1 0 |a Americká hrudní společnost: Diagnostika a léčba mykobakterióz (souhrn)  |c Jiří Homolka 
504 |a Bibliogr. odkazy 
650 0 7 |a pľúca  |x mykobakteriózy  |x diagnostika  |x liečba  |2 snkbucl  |9 1408961 
650 0 7 |a mykobakteriálne infekcie  |2 snkbucl  |9 81424 
655 7 |a články z novín a časopisov  |2 snkbucl  |9 267496 
773 0 |t Studia pneumologica et phthiseologica  |g Roč. 61, č. 2 (2001), s. 94  |x 0371-2222 
850 |a Slovenská národná knižnica 
852 |a Slovenská národná knižnica 
958 |a article27 
958 |a MI 
958 |a NB 
958 |a OND 
958 |a EUIPO 
999 |c 2860013  |d 2861943